| 000 | 01775nam a22001577a 4500 | ||
|---|---|---|---|
| 041 | _aukr | ||
| 080 | _a09 | ||
| 090 | _bСУХ | ||
| 100 | _aСухінець І. В. | ||
| 245 | _aСемантико-прагматичний аналіз англомовних рекламних повідомлень одягу британських сайтів | ||
| 260 |
_aОстрог _bКАФ _c2012 |
||
| 300 | _a50 | ||
| 520 |
_aВСТУП
РОЗДІЛ 1 ЛІНГВОПРАГМАТИЧНІ ТА СТРУКТУРНО-ТИПОЛОГІЧНІ ОСОБЛИВОСТІ РЕКЛАМИ ЯК ЯВИЩА ЗАСОБІВ МАСОВОЇ КОМУНІКАЦІЇ
1.1 Прагмалінгвістичний аспект реклами
1.2 Функціональний стиль реклами та його основні особливості
1.3 Структурно-тпологічні категорії реклами
1.3.1. Класифікація реклами
1.3.1.2 Види реклами в мережі Інтернет
1.3.2 Структура рекламного повідомлення
РОЗДІЛ 2 АКТУАЛІЗАЦІЯ СЕМАНТИКО-ПРАГМАТИЧНИХ КАТЕГОРІЙ РЕКЛАМНИХ ПОВІДОМЛЕНЬ ОДЯГУ НА РІЗНИХ ЛІНГВІСТИНЧИХ РІВНЯХ
2.1 Лексико-семантичні та лексико-морфологічні засоби на познічення оцінки як прагматичної категорії
2.2 Адресованість реклами як прагматична категорія та її актуалізація на синтаксичному рівні
ВИСНОВКИ _0реклама, оцінкаб категорія |
||
| 650 | _aResearch Papers | ||
| 999 |
_c284980 _d284980 |
||
| 942 | _cBK | ||